000 00615nam a2200229Ia 4500
003 OSt
005 20220928115413.0
006 a|||||r|||| 00| 0
007 ta
008 220927b |||||||| |||| 00| 0 eng d
024 _a26495
037 _cTextual
040 _aSDCL
_cSDCL
_beng
041 _2eng
_aeng
082 _aV2y7L37, K6
100 _aGupta Brijen K
_9444076
245 0 _aSirajuddaullah and the east India company,1756-1757.
260 _aLeiden
_bE J Brill
_c1966
300 _axi,170p
_ccm.
942 _hV2y7L37, K6
_cTEXL
_2CC
999 _c759203
_d759203